Language Quiz

Random Language or Letter Quiz
Score 0/10 Timer 01:00
5 Plays Today
Hint Answer % Correct
Change the OFrag
92.8%
Change the OFrig
91.2%
Change the OFrug
88%
Change the RFlog
87.6%
Change the GFrom
86.7%
Change the FGrog
81%
Change the FTrog
75.2%
Change the GFrow
71.2%
Change the FProg
67%
Change the GFroe
64%
Remove Ads.
Support Sporcle.
Get the best of Sporcle when you Go Orange. This ad-free experience offers more features, more stats, and more fun while also helping to support Sporcle. Thank you for becoming a member.

You're not logged in!

Compare scores with friends on all Sporcle quizzes.
OR
Log In

Show Comments

Extras

Top Quizzes Today


Score Distribution

Your Account Isn't Verified!

In order to create a playlist on Sporcle, you need to verify the email address you used during registration. Go to your Sporcle Settings to finish the process.

Report this User

Report this user for behavior that violates our Community Guidelines.

Details: